|
|
|
|
| LEADER |
00000cam a22000004a 4500 |
| 001 |
musev2_20697 |
| 003 |
MdBmJHUP |
| 005 |
20230905042217.0 |
| 006 |
m o d |
| 007 |
cr||||||||nn|n |
| 008 |
030828s2004 miu o 00 0 eng d |
| 020 |
|
|
|a 9780472024346
|
| 020 |
|
|
|z 9780472113781
|
| 035 |
|
|
|a (OCoLC)647856402
|
| 040 |
|
|
|a MdBmJHUP
|c MdBmJHUP
|
| 100 |
1 |
|
|a Pickering, Sam,
|d 1941-
|
| 240 |
1 |
0 |
|a Works.
|k Selections.
|f 2004
|
| 245 |
1 |
4 |
|a The Best of Pickering /
|c Sam Pickering.
|
| 264 |
|
1 |
|a Ann Arbor :
|b University of Michigan Press,
|c 2004.
|
| 264 |
|
3 |
|a Baltimore, Md. :
|b Project MUSE,
|c 2013
|
| 264 |
|
4 |
|c ©2004.
|
| 300 |
|
|
|a 1 online resource (352 pages).
|
| 336 |
|
|
|a text
|b txt
|2 rdacontent
|
| 337 |
|
|
|a computer
|b c
|2 rdamedia
|
| 338 |
|
|
|a online resource
|b cr
|2 rdacarrier
|
| 505 |
0 |
0 |
|g Part 1
|t Dead Poets Stuff --
|g Part 2
|t Messing About --
|g Part 3
|t School Matters --
|g Part 4
|t Bookish Matters --
|g Part 5
|t Familial Essays.
|
| 520 |
|
|
|a Part I : Dead poets stuff : Celebrity -- Representative -- Part 2 : Messing about : Messing about -- Near spring -- Getting it -- Magic -- Trespassing -- Part 3 : School matters : Pedagogica deserta -- At Cambridge -- Occupational hazard -- From my side of the desk -- Part 4 : Bookish matters : Book tour -- Road warrior -- Split infinitive -- Selecting a past -- Composing a life -- Picked up -- Part 5 : Familial essays -- Faith of the father -- Son and father -- Still life-- Patterns -- Pictures -- After the daffodils -- The traveled world.
|
| 546 |
|
|
|a English.
|
| 588 |
|
|
|a Description based on print version record.
|
| 600 |
1 |
0 |
|a Pickering, Sam,
|d 1941-
|t Works.
|k Selections.
|
| 650 |
|
7 |
|a American essays
|2 fast
|0 (OCoLC)fst00807040
|
| 650 |
|
7 |
|a LITERARY COLLECTIONS
|x Essays.
|2 bisacsh
|
| 650 |
|
6 |
|a Essais americains.
|
| 650 |
|
0 |
|a American essays.
|
| 655 |
|
7 |
|a Essais.
|2 rvmgf
|
| 655 |
|
7 |
|a Essays.
|2 lcgft
|
| 655 |
|
7 |
|a Essays.
|2 fast
|0 (OCoLC)fst01919922
|
| 655 |
|
7 |
|a essays.
|2 aat
|
| 655 |
|
2 |
|a Essay
|
| 655 |
|
7 |
|a Electronic books.
|2 local
|
| 710 |
2 |
|
|a Project Muse.
|e distributor
|
| 830 |
|
0 |
|a Book collections on Project MUSE.
|
| 856 |
4 |
0 |
|z Texto completo
|u https://projectmuse.uam.elogim.com/book/20697/
|
| 945 |
|
|
|a Project MUSE - Custom Collection
|
| 945 |
|
|
|a Project MUSE - Archive Poetry, Fiction and Creative Non-Fiction Supplement
|
| 945 |
|
|
|a Project MUSE - Archive Complete Supplement
|